[Event "MCRW_CF24"]
[Site "?"]
[Date "2008.??.??"]
[Round "?"]
[White "Kuchta, Jiri"]
[Black "Benes, Jiri"]
[Result "1/2-1/2"]
[WhiteElo "2162"]
[BlackElo "1982"]
[PlyCount "97"]
[EventDate "2008.??.??"]
[EventType "corr"]

1. e4 e5 2. Nf3 Nf6 3. Nxe5 d6 4. Nf3 Nxe4 5. d4 d5 6. Bd3 Bd6 7. O-O O-O 8. c4
Bg4 9. cxd5 Nf6 10. Nc3 Nbd7 11. h3 Bh5 12. Re1 Nb6 13. Bg5 h6 14. Bh4 g5 15.
Bg3 Nfxd5 16. Bf5 c6 17. Ne4 Bb4 18. Rf1 Nc8 19. Nc5 b6 20. Nd3 Nce7 21. Bg4
Bxg4 22. hxg4 Bd6 23. Bxd6 Qxd6 24. Re1 Rae8 25. Rc1 Qc7 26. Qc2 Kg7 27. Nfe5
a5 28. a3 Rc8 29. Qb3 Rfd8 30. Re4 a4 31. Qxa4 f6 32. Nf3 Rh8 33. Qd1 h5 34.
Nxg5 fxg5 35. Re5 hxg4 36. Qxg4 Qd6 37. Rxg5+ Kf8 38. Rh5 Rxh5 39. Qxh5 Kg7 40.
Ne5 Qe6 41. Qg5+ Ng6 42. Re1 Rf8 43. g3 Qf6 44. Qxf6+ Rxf6 45. Kg2 Re6 46. a4
Nge7 47. g4 Nb4 48. Rc1 Rd6 49. Rc4 1/2-1/2

[Event "MCRW_CF24"]
[Site "?"]
[Date "2008.??.??"]
[Round "?"]
[White "Kuchta, Jiri"]
[Black "Docekal, Ales"]
[Result "1/2-1/2"]
[WhiteElo "2162"]
[BlackElo "2108"]
[PlyCount "51"]
[EventDate "2008.??.??"]
[EventType "corr"]

1. e4 c5 2. Nf3 d6 3. d4 cxd4 4. Nxd4 Nf6 5. Nc3 a6 6. Be3 e5 7. Nb3 Be6 8. f3
Be7 9. Qd2 O-O 10. O-O-O Nbd7 11. g4 b5 12. g5 b4 13. Ne2 Ne8 14. f4 a5 15. f5
Bxb3 16. cxb3 a4 17. bxa4 Rxa4 18. Kb1 Rxa2 19. Nc1 Ra8 20. Nb3 Qb8 21. Be2 Nc7
22. Rhg1 Rc8 23. f6 Bf8 24. fxg7 Kxg7 25. Rc1 Qb7 26. Rgf1 1/2-1/2

[Event "MCRW_CF24"]
[Site "?"]
[Date "2008.??.??"]
[Round "?"]
[White "Kuchta, Jiri"]
[Black "Cakl, Miloslav"]
[Result "1/2-1/2"]
[WhiteElo "2162"]
[BlackElo "2041"]
[PlyCount "62"]
[EventDate "2008.??.??"]
[EventType "corr"]

1. e4 c5 2. Nf3 d6 3. d4 cxd4 4. Nxd4 Nf6 5. Nc3 a6 6. Be2 e5 7. Nb3 Be6 8. Be3
d5 9. exd5 Nxd5 10. Nxd5 Qxd5 11. O-O Nd7 12. Qxd5 Bxd5 13. Rad1 Be6 14. Bf3
Rc8 15. c3 Rc7 16. Na5 b6 17. Nc6 f6 18. b3 Be7 19. c4 Kf7 20. Nxe7 Kxe7 21.
Rd2 b5 22. cxb5 axb5 23. Rfd1 Rhc8 24. Rd6 f5 25. Bg5+ Nf6 26. Rb6 e4 27. Be2
h6 28. Bf4 Ra7 29. Rxb5 Rc2 30. Bc4 Bxc4 31. bxc4 Raxa2 1/2-1/2

[Event "MCRW_CF24"]
[Site "?"]
[Date "2008.??.??"]
[Round "?"]
[White "Kuchta, Jiri"]
[Black "Hrdy, Tomas"]
[Result "1-0"]
[WhiteElo "2162"]
[BlackElo "2086"]
[PlyCount "71"]
[EventDate "2008.??.??"]
[EventType "corr"]

1. e4 e5 2. Nf3 Nc6 3. Bb5 a6 4. Ba4 Nf6 5. O-O Be7 6. Re1 b5 7. Bb3 d6 8. c3
O-O 9. h3 Na5 10. Bc2 c5 11. d4 Qc7 12. Nbd2 cxd4 13. cxd4 Bb7 14. d5 Rfc8 15.
Bd3 Nd7 16. Nf1 Nc5 17. b3 f5 18. exf5 Bf6 19. Bg5 b4 20. Bxf6 gxf6 21. Be4 Qf7
22. Qd2 Rab8 23. Rad1 Ba8 24. N3h2 Kh8 25. Bf3 Rb6 26. Ng3 Rf8 27. Ng4 Nab7 28.
Nh6 Qd7 29. Nh5 Qd8 30. Qe3 Na5 31. Be2 Rb7 32. Bf1 Rc7 33. Qg3 Nab7 34. Re3 a5
35. Qg4 Qe7 36. Rg3 1-0

[Event "MCRW_CF24"]
[Site "?"]
[Date "2008.??.??"]
[Round "?"]
[White "Kuchta, Jiri"]
[Black "Portych, Vaclav"]
[Result "1-0"]
[WhiteElo "2162"]
[BlackElo "2177"]
[PlyCount "55"]
[EventDate "2008.??.??"]
[EventType "corr"]

1. e4 c5 2. Nf3 Nc6 3. d4 cxd4 4. Nxd4 Nf6 5. Nc3 e5 6. Ndb5 d6 7. Bg5 a6 8.
Na3 b5 9. Nd5 Be7 10. Bxf6 Bxf6 11. c3 Bg5 12. Nc2 O-O 13. a4 bxa4 14. Rxa4 a5
15. Bc4 Rb8 16. b3 Kh8 17. Nce3 g6 18. O-O f5 19. Qf3 fxe4 20. Qxe4 Be6 21.
Raa1 Rb7 22. Rad1 Qb8 23. Nb6 Nd8 24. Bxe6 Nxe6 25. Nbc4 Nc5 26. Qd5 a4 27.
Nxd6 Rc7 28. b4 1-0

[Event "MCRW_CF24"]
[Site "?"]
[Date "2008.??.??"]
[Round "?"]
[White "Kuchta, Jiri"]
[Black "Jarabinsky, Martin"]
[Result "1/2-1/2"]
[WhiteElo "2162"]
[BlackElo "2012"]
[PlyCount "66"]
[EventDate "2008.??.??"]
[EventType "corr"]

1. e4 c6 2. d4 d5 3. Nc3 dxe4 4. Nxe4 Bf5 5. Ng3 Bg6 6. h4 h6 7. Nf3 Nd7 8. h5
Bh7 9. Bd3 Bxd3 10. Qxd3 e6 11. Bf4 Qa5+ 12. Bd2 Qc7 13. O-O-O Ngf6 14. Ne4
O-O-O 15. g3 Nxe4 16. Qxe4 Nf6 17. Qe2 Bd6 18. c4 c5 19. Bc3 cxd4 20. Nxd4 a6
21. Kb1 Rd7 22. Rc1 Kb8 23. Nf3 Qc6 24. Ne5 Bxe5 25. Bxe5+ Kc8 26. Rhe1 Rhd8
27. Rc3 Rd2 28. Qf3 Qd7 29. Rce3 Nh7 30. Rc3 f6 31. Bf4 Rd1+ 32. Rxd1 Qxd1+ 33.
Qxd1 Rxd1+ 1/2-1/2

[Event "MCRW_CF24"]
[Site "?"]
[Date "2008.??.??"]
[Round "?"]
[White "Benes, Jiri"]
[Black "Kuchta, Jiri"]
[Result "1/2-1/2"]
[WhiteElo "1982"]
[BlackElo "2162"]
[PlyCount "88"]
[EventDate "2008.??.??"]
[EventType "corr"]

1. d4 Nf6 2. Nf3 e6 3. e3 b6 4. Bd3 Bb7 5. O-O c5 6. c4 Be7 7. Nc3 cxd4 8. exd4
d5 9. cxd5 Nxd5 10. Nxd5 Bxd5 11. Ne5 O-O 12. Qh5 f5 13. Bf4 Nc6 14. Rfd1 Nb4
15. b3 Nxd3 16. Rxd3 Qe8 17. Qe2 Rc8 18. Rh3 Be4 19. Nc4 b5 20. Nd6 Bxd6 21.
Bxd6 Rf7 22. f3 Bd5 23. Re1 a5 24. Bc5 b4 25. Qd3 Qc6 26. Rg3 Rd7 27. Qe2 Rb7
28. Rb1 Qc7 29. Rc1 Qf4 30. Re1 Ra8 31. Qc2 Rc7 32. Qd1 Rb8 33. Re2 Rcb7 34.
Rh3 Rc8 35. Qe1 Rbc7 36. Rh5 Rf7 37. Rh4 Qg5 38. f4 Qg6 39. Rh3 Rfc7 40. Qh4
Be4 41. Rg3 Qf7 42. Re1 Rd7 43. Rge3 Rdd8 44. Ra1 Qb7 1/2-1/2

[Event "MCRW_CF24"]
[Site "?"]
[Date "2008.??.??"]
[Round "?"]
[White "Benes, Jiri"]
[Black "Docekal, Ales"]
[Result "1/2-1/2"]
[WhiteElo "1982"]
[BlackElo "2108"]
[PlyCount "59"]
[EventDate "2008.??.??"]
[EventType "corr"]

1. c4 Nf6 2. d4 e6 3. Nf3 b6 4. Nc3 Bb7 5. Bg5 h6 6. Bh4 Be7 7. e3 O-O 8. Be2
c5 9. O-O d6 10. Qd3 cxd4 11. exd4 Nc6 12. Rad1 Rc8 13. b3 d5 14. Ne5 Na5 15.
Qh3 dxc4 16. bxc4 Nd7 17. Bxe7 Qxe7 18. Nxd7 Qxd7 19. d5 Nxc4 20. Rfe1 Qe7 21.
dxe6 fxe6 22. Bg4 Rce8 23. Bxe6+ Kh8 24. Re2 Qc5 25. Qg3 Bc6 26. Ne4 Qb5 27.
Nc3 Qc5 28. Ne4 Qb5 29. Nc3 Qc5 30. Ne4 1/2-1/2

[Event "MCRW_CF24"]
[Site "?"]
[Date "2008.??.??"]
[Round "?"]
[White "Benes, Jiri"]
[Black "Cakl, Miloslav"]
[Result "0-1"]
[WhiteElo "1982"]
[BlackElo "2041"]
[PlyCount "112"]
[EventDate "2008.??.??"]
[EventType "corr"]

1. c4 c5 2. Nf3 e6 3. e3 Nf6 4. Be2 Be7 5. O-O O-O 6. d4 cxd4 7. exd4 d5 8. b3
b6 9. Nc3 Bb7 10. Qd3 Nc6 11. Rd1 Qc7 12. Bg5 Rfd8 13. Nb5 Qb8 14. Qe3 dxc4 15.
bxc4 Ng4 16. Qf4 Bxg5 17. Qxg5 Nf6 18. c5 h6 19. Qe3 Ne7 20. Nd6 Nf5 21. Nxf5
exf5 22. Qb3 bxc5 23. dxc5 Qc7 24. Nd4 Bd5 25. Qa3 Qe5 26. Rac1 Bxa2 27. Qe3
Qc7 28. Nb5 Rxd1+ 29. Rxd1 Qc6 30. Nd6 f4 31. Bf3 fxe3 32. Bxc6 e2 33. Ra1 Rd8
34. Re1 Rb8 35. f3 Rb2 36. Bb5 Bd5 37. Kf2 Rc2 38. Bxe2 a5 39. Ra1 Rxc5 40. Nb5
Ne8 41. h3 g6 42. f4 Kg7 43. g4 Bc6 44. Nd4 Bd7 45. Nb3 Rc3 46. Nxa5 Rxh3 47.
Bf3 Nf6 48. g5 hxg5 49. fxg5 Nh7 50. Rg1 Rh4 51. Nb3 Rf4 52. Ke3 Rf5 53. Nd4
Rxg5 54. Ra1 Nf6 55. Kf4 Rc5 56. Rg1 Nh7 0-1

[Event "MCRW_CF24"]
[Site "?"]
[Date "2008.??.??"]
[Round "?"]
[White "Benes, Jiri"]
[Black "Hrdy, Tomas"]
[Result "1/2-1/2"]
[WhiteElo "1982"]
[BlackElo "2086"]
[PlyCount "110"]
[EventDate "2008.??.??"]
[EventType "corr"]

1. c4 c5 2. Nf3 Nc6 3. d4 cxd4 4. Nxd4 e6 5. Nb5 Nf6 6. N1c3 d5 7. cxd5 Nxd5 8.
e4 Nxc3 9. Qxd8+ Kxd8 10. Nxc3 Bc5 11. Bf4 Ke7 12. Rc1 Bd7 13. Be2 Nd4 14. Bd3
Bc6 15. O-O Rhd8 16. Kh1 Rac8 17. Rfd1 Kf8 18. Be3 e5 19. Nd5 b6 20. b4 Bxd5
21. exd5 Bxb4 22. Rxc8 Rxc8 23. f4 Nc2 24. Bc1 Bd6 25. fxe5 Bxe5 26. Bf5 Rc5
27. Bxh7 g6 28. Bh6+ Ke8 29. Bg8 Nd4 30. d6 Rd5 31. Re1 Nc6 32. Rf1 Nd8 33. Re1
Kd7 34. Rf1 Kxd6 35. Bg5 Ne6 36. h4 Rd4 37. Kg1 f5 38. Bf7 Nxg5 39. hxg5 Rg4
40. Bxg6 f4 41. Rd1+ Kc5 42. Be4 Bd4+ 43. Kf1 Rxg5 44. Ke2 Be3 45. Rd8 b5 46.
Kd3 Kb4 47. Rd5 Rg7 48. Bf3 a6 49. Rd6 a5 50. Rd5 a4 51. a3+ Kxa3 52. Rxb5 Rd7+
53. Bd5 Bc1 54. Kc4 Rc7+ 55. Kd3 Rc8 1/2-1/2

[Event "MCRW_CF24"]
[Site "?"]
[Date "2008.??.??"]
[Round "?"]
[White "Benes, Jiri"]
[Black "Portych, Vaclav"]
[Result "1/2-1/2"]
[WhiteElo "1982"]
[BlackElo "2177"]
[PlyCount "100"]
[EventDate "2008.??.??"]
[EventType "corr"]

1. e4 c5 2. Nf3 Nc6 3. d4 cxd4 4. Nxd4 Nf6 5. Nc3 e5 6. Ndb5 d6 7. Nd5 Nxd5 8.
exd5 Nb8 9. Bd3 a6 10. Nc3 Be7 11. O-O O-O 12. Qh5 f5 13. a4 a5 14. Nb5 Na6 15.
f4 Nb4 16. Ra3 e4 17. Bc4 Nxc2 18. Rh3 h6 19. Rc3 Nb4 20. Rg3 Kh8 21. Rg6 Kh7
22. Rg3 Bf6 23. Be3 Qe7 24. b3 Bd7 25. Rd1 Kh8 26. Qe2 Rfc8 27. Na7 Rc7 28. Nb5
Bxb5 29. Bxb5 Rc3 30. Bb6 Rc2 31. Qh5 Na2 32. Qxf5 Nc3 33. Re1 Rf8 34. Rxc3
Bxc3 35. Qxe4 Qxe4 36. Rxe4 Bb4 37. g3 Rd2 38. Bc4 Bc5+ 39. Bxc5 dxc5 40. Re6
Kh7 41. Re7 b6 42. h4 h5 43. Kf1 Rf6 44. Ke1 Rd4 45. Re5 Kg6 46. Ke2 Kh6 47.
Re8 Kg6 48. Rd8 Re4+ 49. Kf2 Rd4 50. Rd7 Kh6 1/2-1/2

[Event "MCRW_CF24"]
[Site "?"]
[Date "2008.??.??"]
[Round "?"]
[White "Benes, Jiri"]
[Black "Jarabinsky, Martin"]
[Result "0-1"]
[WhiteElo "1982"]
[BlackElo "2012"]
[PlyCount "82"]
[EventDate "2008.??.??"]
[EventType "corr"]

1. d4 Nf6 2. c4 e6 3. Nf3 d5 4. Nc3 c6 5. e3 Nbd7 6. Bd3 dxc4 7. Bxc4 b5 8. Be2
Bb7 9. O-O a6 10. e4 c5 11. e5 Nd5 12. a4 b4 13. Ne4 Qc7 14. Re1 h6 15. Bd2
cxd4 16. Nxd4 Qxe5 17. Nxe6 fxe6 18. Bh5+ g6 19. Ng5 hxg5 20. Bxg6+ Kd8 21.
Rxe5 Nxe5 22. Be4 Kd7 23. Bxg5 Bd6 24. f4 Rag8 25. Qd4 Rc8 26. Qd1 Nc4 27. Qe2
Bc5+ 28. Kh1 Nd6 29. Qe1 Bd4 30. Rd1 Rc4 31. Bf3 Nf5 32. h3 Bxb2 33. Kh2 Bd4
34. Be4 Rhc8 35. Bd3 b3 36. Bxc4 Rxc4 37. Qa5 Rc7 38. Qe1 b2 39. Rb1 Nde3 40.
Qb4 Be4 41. Rxb2 Nf1+ 0-1

[Event "MCRW_CF24"]
[Site "?"]
[Date "2008.??.??"]
[Round "?"]
[White "Docekal, Ales"]
[Black "Kuchta, Jiri"]
[Result "1/2-1/2"]
[WhiteElo "2108"]
[BlackElo "2162"]
[PlyCount "50"]
[EventDate "2008.??.??"]
[EventType "corr"]

1. d4 Nf6 2. c4 e6 3. Nf3 b6 4. g3 Bb7 5. Bg2 Be7 6. O-O O-O 7. Nc3 Ne4 8. Qc2
Nxc3 9. Qxc3 c5 10. Rd1 d6 11. b3 Bf6 12. Bb2 Qe7 13. Qc2 Nc6 14. e4 e5 15. d5
Nd4 16. Nxd4 exd4 17. Qd3 Rae8 18. b4 Qc7 19. b5 Bc8 20. a4 Bd7 21. Qa3 a6 22.
Qd3 Ra8 23. f4 Rfe8 24. Re1 Qc8 25. Qd2 h6 1/2-1/2

[Event "MCRW_CF24"]
[Site "?"]
[Date "2008.??.??"]
[Round "?"]
[White "Docekal, Ales"]
[Black "Benes, Jiri"]
[Result "1-0"]
[WhiteElo "2108"]
[BlackElo "1982"]
[PlyCount "93"]
[EventDate "2008.??.??"]
[EventType "corr"]

1. e4 g6 2. d4 Bg7 3. Nc3 d6 4. f4 Nf6 5. Nf3 O-O 6. Bd3 c5 7. dxc5 dxc5 8. e5
Nd5 9. Nxd5 Qxd5 10. Qe2 Bf5 11. Bxf5 gxf5 12. Be3 b6 13. O-O Nc6 14. Rfd1 Qe6
15. Ng5 Qg6 16. c3 Bh6 17. Nf3 Qg4 18. g3 Kh8 19. Kf2 e6 20. Rd6 Rfc8 21. Qb5
Ne7 22. Rd7 Bf8 23. Qa6 Kg8 24. Rxa7 Rab8 25. c4 Nc6 26. Rb7 Ra8 27. Qb5 Nb4
28. Qxb6 Nd3+ 29. Kg2 Bh6 30. Rd1 Nxf4+ 31. Bxf4 Bxf4 32. Rxf7 Re8 33. Ra7 Rxa7
34. Qxa7 Be3 35. Qd7 Qg6 36. Qd3 Bh6 37. b4 cxb4 38. c5 Rc8 39. Qc4 f4 40. c6
Bf8 41. Rd7 fxg3 42. h4 h6 43. h5 Qf5 44. c7 Rxc7 45. Rxc7 Bg7 46. Rc8+ Bf8 47.
Qxb4 1-0

[Event "MCRW_CF24"]
[Site "?"]
[Date "2008.??.??"]
[Round "?"]
[White "Docekal, Ales"]
[Black "Cakl, Miloslav"]
[Result "1/2-1/2"]
[WhiteElo "2108"]
[BlackElo "2041"]
[PlyCount "121"]
[EventDate "2008.??.??"]
[EventType "corr"]

1. d4 Nf6 2. c4 e6 3. Nf3 d5 4. Nc3 Be7 5. Bf4 O-O 6. e3 Nbd7 7. c5 c6 8. Bd3
Nh5 9. Be5 g6 10. O-O Nxe5 11. Nxe5 f6 12. Ng4 e5 13. Nh6+ Kh8 14. Nf5 Bxf5 15.
Bxf5 Ng7 16. Bc2 f5 17. dxe5 Bxc5 18. Na4 Be7 19. Qd2 Re8 20. Rac1 Ne6 21. a3
a5 22. f4 b5 23. Nc3 Bc5 24. Kh1 a4 25. Na2 Qb6 26. Rfe1 Qb7 27. Nb4 Bb6 28.
Bb1 Ba5 29. Ba2 c5 30. Bxd5 Qd7 31. Red1 Rad8 32. Qe1 cxb4 33. axb4 Bb6 34. Bc6
Qe7 35. Bxe8 Qxe8 36. Rxd8 Bxd8 37. Qd2 Be7 38. Qd5 Bxb4 39. Rc6 Qd8 40. Qxd8+
Nxd8 41. Rb6 a3 42. bxa3 Bxa3 43. Rxb5 Kg7 44. g3 Be7 45. Kg2 Ne6 46. Kf3 Nc5
47. g4 h6 48. gxf5 gxf5 49. Rb6 h5 50. Ke2 Bf8 51. Kd2 Ne4+ 52. Kd3 Bc5 53.
Rb7+ Kg6 54. Rc7 h4 55. Rc8 Kh7 56. Re8 Kg7 57. Rb8 Be7 58. Kc4 Bc5 59. Kd5
Bxe3 60. Ke6 Ng3 61. hxg3 1/2-1/2

[Event "MCRW_CF24"]
[Site "?"]
[Date "2008.??.??"]
[Round "?"]
[White "Docekal, Ales"]
[Black "Hrdy, Tomas"]
[Result "0-1"]
[WhiteElo "2108"]
[BlackElo "2086"]
[PlyCount "58"]
[EventDate "2008.??.??"]
[EventType "corr"]

1. e4 e5 2. Nf3 Nc6 3. Bb5 a6 4. Ba4 Nf6 5. O-O Be7 6. Re1 b5 7. Bb3 d6 8. c3
O-O 9. h3 Na5 10. Bc2 c5 11. d4 Nd7 12. Nbd2 exd4 13. cxd4 Nc6 14. d5 Nce5 15.
Nh2 Ng6 16. Ndf1 Bg5 17. Ne3 Nde5 18. Nf5 Bxc1 19. Qxc1 Re8 20. a4 b4 21. b3 c4
22. bxc4 Rb8 23. Rb1 a5 24. Ne3 Nf4 25. Qd1 Qf6 26. Nhg4 Bxg4 27. hxg4 Rbc8 28.
Rc1 b3 29. Rb1 bxc2 0-1

[Event "MCRW_CF24"]
[Site "?"]
[Date "2008.??.??"]
[Round "?"]
[White "Docekal, Ales"]
[Black "Portych, Vaclav"]
[Result "1/2-1/2"]
[WhiteElo "2108"]
[BlackElo "2177"]
[PlyCount "57"]
[EventDate "2008.??.??"]
[EventType "corr"]

1. e4 c5 2. Nf3 Nc6 3. d4 cxd4 4. Nxd4 Nf6 5. Nc3 e5 6. Ndb5 d6 7. Bg5 a6 8.
Na3 b5 9. Bxf6 gxf6 10. Nd5 Bg7 11. c3 f5 12. exf5 Bxf5 13. Nc2 Be6 14. g3 O-O
15. Bg2 a5 16. O-O f5 17. Nf4 exf4 18. Bxc6 Rc8 19. Bd5 Qd7 20. Re1 Bxd5 21.
Qxd5+ Kh8 22. Rad1 fxg3 23. fxg3 f4 24. Qxd6 Qxd6 25. Rxd6 b4 26. Re2 bxc3 27.
bxc3 Rxc3 28. gxf4 Rxf4 29. Rd8+ 1/2-1/2

[Event "MCRW_CF24"]
[Site "?"]
[Date "2008.??.??"]
[Round "?"]
[White "Docekal, Ales"]
[Black "Jarabinsky, Martin"]
[Result "1/2-1/2"]
[WhiteElo "2108"]
[BlackElo "2012"]
[PlyCount "95"]
[EventDate "2008.??.??"]
[EventType "corr"]

1. d4 Nf6 2. Nf3 d5 3. c4 e6 4. Nc3 Be7 5. g3 O-O 6. Bg2 dxc4 7. O-O Nc6 8. e3
Rb8 9. Qa4 Nb4 10. Ne5 Bd7 11. Qd1 c5 12. dxc5 Qc7 13. Nxd7 Qxd7 14. b3 Qc7 15.
bxc4 Qxc5 16. Ba3 Qxc4 17. Rc1 Qa6 18. Qb3 Qa5 19. Rfd1 Rfc8 20. Bb2 Rd8 21.
Qc4 Bf8 22. Ne4 Nfd5 23. a3 Nc6 24. Qe2 Be7 25. Qg4 g6 26. Qe2 Rbc8 27. h4 Rc7
28. Rd2 Ne5 29. Rxc7 Qxc7 30. Rc2 Nc6 31. Qe1 Qb6 32. h5 Na5 33. Bf1 a6 34. h6
Nc6 35. Bc4 Kf8 36. Bxd5 Rxd5 37. Bf6 Qd8 38. Qc3 e5 39. Bxe7+ Qxe7 40. Qb3 Rd7
41. Kg2 g5 42. Nc5 Rd6 43. Qxb7 Qxb7 44. Nxb7 Rxh6 45. Nc5 Kg7 46. Nxa6 Nd4 47.
exd4 Rxa6 48. dxe5 1/2-1/2

[Event "MCRW_CF24"]
[Site "?"]
[Date "2008.??.??"]
[Round "?"]
[White "Cakl, Miloslav"]
[Black "Kuchta, Jiri"]
[Result "1/2-1/2"]
[WhiteElo "2041"]
[BlackElo "2162"]
[PlyCount "89"]
[EventDate "2008.??.??"]
[EventType "corr"]

1. e4 c5 2. Nf3 d6 3. d4 cxd4 4. Nxd4 Nf6 5. Nc3 a6 6. Bg5 e6 7. f4 Qb6 8. Qd2
Qxb2 9. Rb1 Qa3 10. Be2 Nbd7 11. f5 e5 12. Nb3 h6 13. Bxf6 Nxf6 14. Nd5 Nxd5
15. Qxd5 Be7 16. Bc4 O-O 17. Qa5 Qxa5+ 18. Nxa5 b5 19. Bd5 Ra7 20. Nc6 Rc7 21.
Nxe7+ Rxe7 22. a4 Bb7 23. axb5 Bxd5 24. exd5 Rb8 25. Kd2 axb5 26. Rb4 Rc7 27.
Rhb1 Rbc8 28. R1b2 Kf8 29. Rxb5 Rc5 30. g4 Ke7 31. h3 Kf6 32. Rxc5 Rxc5 33. Rb6
Rxd5+ 34. Ke3 h5 35. c3 Rd1 36. Rc6 hxg4 37. hxg4 Ke7 38. Rc7+ Ke8 39. Ke4 f6
40. Rxg7 d5+ 41. Ke3 Rc1 42. g5 fxg5 43. f6 g4 44. Kf2 e4 45. Kg3 1/2-1/2

[Event "MCRW_CF24"]
[Site "?"]
[Date "2008.??.??"]
[Round "?"]
[White "Cakl, Miloslav"]
[Black "Benes, Jiri"]
[Result "1-0"]
[WhiteElo "2041"]
[BlackElo "1982"]
[PlyCount "111"]
[EventDate "2008.??.??"]
[EventType "corr"]

1. e4 c6 2. d4 d5 3. exd5 cxd5 4. c4 Nf6 5. Nc3 e6 6. Nf3 Nc6 7. c5 Be7 8. Bb5
O-O 9. O-O Bd7 10. Re1 b6 11. Ne5 Rc8 12. Bxc6 Bxc6 13. b4 Ba8 14. Bg5 Ne4 15.
Bxe7 Qxe7 16. Rc1 Rfd8 17. f3 Nxc3 18. Rxc3 Rb8 19. Qa4 bxc5 20. bxc5 Rb2 21.
g3 Rc8 22. Rb3 Rxb3 23. axb3 f6 24. Nd3 Bc6 25. Qa6 Qd7 26. Nb4 Rc7 27. Kg2 Kf7
28. Qd3 h6 29. Nxc6 Qxc6 30. Ra1 Rb7 31. f4 Kg8 32. Ra5 Kh8 33. Qe2 Qe8 34. Ra6
Rxb3 35. Rxe6 Qg6 36. Re3 Rb4 37. Rc3 Qf5 38. c6 Rb8 39. Re3 Kh7 40. c7 Rc8 41.
Re7 h5 42. Qd1 h4 43. Kf2 Kh6 44. Ke3 Qh3 45. Qg1 a5 46. Kd2 a4 47. gxh4 g6 48.
Qg3 Qf5 49. Qe3 a3 50. Qxa3 Rf8 51. Qd3 Qg4 52. Qg3 Qf5 53. h5 Qxh5 54. Kc3 Qf5
55. Kb4 g5 56. fxg5+ 1-0

[Event "MCRW_CF24"]
[Site "?"]
[Date "2008.??.??"]
[Round "?"]
[White "Cakl, Miloslav"]
[Black "Docekal, Ales"]
[Result "0-1"]
[WhiteElo "2041"]
[BlackElo "2108"]
[PlyCount "128"]
[EventDate "2008.??.??"]
[EventType "corr"]

1. e4 c5 2. Nf3 d6 3. d4 cxd4 4. Nxd4 Nf6 5. Nc3 a6 6. Be2 e6 7. O-O Be7 8. f4
O-O 9. Kh1 Qc7 10. Qe1 b5 11. Bf3 Bb7 12. e5 dxe5 13. fxe5 Nfd7 14. Bxb7 Qxb7
15. Qg3 Kh8 16. Bf4 Nc6 17. Nce2 Rac8 18. Rad1 Nb6 19. c3 Nxd4 20. Nxd4 Nd5 21.
a3 Nb6 22. Rde1 Nc4 23. Bc1 Rcd8 24. Rf4 Rd5 25. Ref1 Nxe5 26. Nxe6 Rg8 27. Nd4
f6 28. Rh4 Qd7 29. Rh5 g6 30. Rh4 f5 31. Bg5 Re8 32. Bxe7 Qxe7 33. Re1 Qf7 34.
Rf4 Rd7 35. Ra1 Nc4 36. Qf2 Rde7 37. Kg1 Qd5 38. h3 Kg8 39. a4 bxa4 40. Rxa4
Re1+ 41. Kh2 Ne3 42. Rxa6 Rd1 43. Qf3 Qe5 44. Ra8 Rd2 45. Nc6 Rxg2+ 46. Kh1
Rxa8 47. Nxe5 Ra1+ 48. Qf1 Rxf1+ 49. Rxf1 Rxb2 50. Re1 Ng2 51. Rd1 Rc2 52. Rd8+
Kg7 53. c4 Kf6 54. Re8 Kg5 55. Nf3+ Kf4 56. Nd4 Rxc4 57. Nxf5 Kf3 58. Nd6 Rc1+
59. Kh2 Rc2 60. Kh1 Kg3 61. Ne4+ Kxh3 62. Kg1 Kg4 63. Rd8 h5 64. Ra8 Ne3 0-1

[Event "MCRW_CF24"]
[Site "?"]
[Date "2008.??.??"]
[Round "?"]
[White "Cakl, Miloslav"]
[Black "Hrdy, Tomas"]
[Result "1-0"]
[WhiteElo "2041"]
[BlackElo "2086"]
[PlyCount "89"]
[EventDate "2008.??.??"]
[EventType "corr"]

1. e4 e6 2. d4 d5 3. Nc3 Bb4 4. e5 c5 5. a3 Bxc3+ 6. bxc3 Ne7 7. Nf3 Qa5 8. Bd2
Nbc6 9. Be2 Bd7 10. O-O c4 11. Ne1 O-O-O 12. f4 h6 13. Qc1 f6 14. Rb1 Nf5 15.
Bh5 Be8 16. Bg4 Bg6 17. Bh3 h5 18. Nf3 Rd7 19. Qe1 Re8 20. Ra1 Rf7 21. exf6
Rxf6 22. Qd1 Nd6 23. Re1 Qd8 24. Nh4 Be4 25. f5 Nxf5 26. Bg5 Nd6 27. Qxh5 Kb8
28. Qg4 e5 29. Qg3 Nf7 30. Bxf6 gxf6 31. Qf2 Rh8 32. Nf5 Qg8 33. Ng3 Ng5 34.
Bg4 Qg6 35. Re2 Qh6 36. h3 Rf8 37. Rf1 Ka8 38. dxe5 Nxe5 39. Bf5 Rh8 40. Nxe4
dxe4 41. Re3 Rg8 42. Kh1 Rd8 43. Bxe4 Rd6 44. Rb1 Rd7 45. Qf5 1-0

[Event "MCRW_CF24"]
[Site "?"]
[Date "2008.??.??"]
[Round "?"]
[White "Cakl, Miloslav"]
[Black "Portych, Vaclav"]
[Result "1/2-1/2"]
[WhiteElo "2041"]
[BlackElo "2177"]
[PlyCount "88"]
[EventDate "2008.??.??"]
[EventType "corr"]

1. e4 c5 2. Nf3 Nc6 3. d4 cxd4 4. Nxd4 Nf6 5. Nc3 e5 6. Ndb5 d6 7. Bg5 a6 8.
Na3 b5 9. Bxf6 gxf6 10. Nd5 Bg7 11. Bd3 Ne7 12. Nxe7 Qxe7 13. O-O O-O 14. c4 f5
15. cxb5 d5 16. exd5 e4 17. Qe2 Qb4 18. Bc4 Qxb2 19. Nc2 axb5 20. Rab1 Qf6 21.
Bxb5 Rxa2 22. Qc4 Rb2 23. Nb4 Rxb1 24. Rxb1 f4 25. Nc6 Bf5 26. Qb4 f3 27. Ne7+
Kh8 28. Re1 Rb8 29. Nxf5 Qxf5 30. Bd7 Qf4 31. Qc4 f5 32. Be6 Be5 33. g3 Qg5 34.
Qc2 h5 35. d6 Qf6 36. Qc7 Bxd6 37. Qxd6 Re8 38. h4 Qxe6 39. Qf4 Kh7 40. Rd1 Qf7
41. Rb1 Rf8 42. Rb6 Qg7 43. Rc6 Rf7 44. Kh2 Rf6 1/2-1/2

[Event "MCRW_CF24"]
[Site "?"]
[Date "2008.??.??"]
[Round "?"]
[White "Cakl, Miloslav"]
[Black "Jarabinsky, Martin"]
[Result "1/2-1/2"]
[WhiteElo "2041"]
[BlackElo "2012"]
[PlyCount "113"]
[EventDate "2008.??.??"]
[EventType "corr"]

1. e4 c6 2. d4 d5 3. exd5 cxd5 4. c4 Nf6 5. Nc3 e6 6. Nf3 Bb4 7. a3 Bxc3+ 8.
bxc3 O-O 9. Bf4 Qa5 10. Qb3 Nc6 11. Be2 b6 12. cxd5 Qxd5 13. Qxd5 Nxd5 14. Be3
Nxc3 15. Rc1 Nxe2 16. Rxc6 Ba6 17. Rc2 Rac8 18. Rxe2 Bxe2 19. Kxe2 Rc2+ 20. Kd3
Ra2 21. Kc4 Rxa3 22. Kb4 Ra5 23. Rc1 f6 24. Nd2 h6 25. Rc6 Re8 26. Ne4 Re7 27.
Nd6 e5 28. Rc8+ Kh7 29. Rd8 exd4 30. Bxd4 Rd5 31. Kc4 Rh5 32. h3 Rc7+ 33. Kd3
Kg6 34. f4 Ra5 35. f5+ Kh7 36. Ke4 Re7+ 37. Kd3 Ra3+ 38. Bc3 Ra2 39. Ne4 Rxg2
40. Nxf6+ gxf6 41. Bxf6 Rgg7 42. Bxe7 Rxe7 43. Kd4 h5 44. h4 Kg7 45. Rd6 Kf7
46. Rc6 Re1 47. Rh6 Kg7 48. Rg6+ Kf8 49. Rh6 Kf7 50. Rxh5 Kg7 51. Kd5 Re3 52.
Kc6 Re7 53. Kd6 Re4 54. Kd5 Re2 55. Kd6 Re8 56. Kd5 Re1 57. Kd6 1/2-1/2

[Event "MCRW_CF24"]
[Site "?"]
[Date "2008.??.??"]
[Round "?"]
[White "Hrdy, Tomas"]
[Black "Kuchta, Jiri"]
[Result "1/2-1/2"]
[WhiteElo "2086"]
[BlackElo "2162"]
[PlyCount "62"]
[EventDate "2008.??.??"]
[EventType "corr"]

1. e4 c5 2. Nf3 d6 3. d4 cxd4 4. Nxd4 Nf6 5. Nc3 a6 6. f4 e5 7. Nf3 Nbd7 8. a4
Be7 9. Bc4 Qa5 10. Qe2 O-O 11. O-O exf4 12. Bxf4 Ne5 13. Nd5 Nxd5 14. Bxd5 Be6
15. Rfd1 Bxd5 16. Rxd5 Qb6+ 17. Be3 Qxb2 18. Bd4 Nxf3+ 19. gxf3 Qb4 20. c3 Qb3
21. Qg2 f6 22. a5 Rf7 23. Kh1 Re8 24. Rg1 Qa4 25. Qg4 Bd8 26. Qg3 Qa2 27. Rh5
Qc4 28. Qxd6 Bc7 29. Qd5 Qxd5 30. Rxd5 Rd8 31. Rc5 Rdd7 1/2-1/2

[Event "MCRW_CF24"]
[Site "?"]
[Date "2008.??.??"]
[Round "?"]
[White "Hrdy, Tomas"]
[Black "Benes, Jiri"]
[Result "1-0"]
[WhiteElo "2086"]
[BlackElo "1982"]
[PlyCount "95"]
[EventDate "2008.??.??"]
[EventType "corr"]

1. e4 e6 2. d4 d5 3. Nc3 Nc6 4. e5 Nge7 5. Nf3 Nf5 6. h4 h5 7. Bg5 f6 8. Bf4
Bb4 9. Bd3 O-O 10. Bxf5 exf5 11. O-O Bxc3 12. bxc3 fxe5 13. dxe5 Be6 14. Re1
Qe8 15. Re3 Nd8 16. Ng5 b6 17. Qe2 a6 18. Rd3 Rb8 19. Qf3 c6 20. Qe2 Rb7 21. c4
b5 22. cxb5 axb5 23. a4 bxa4 24. Rxa4 Bf7 25. Ra8 Qe7 26. Rda3 Re8 27. Qd3 g6
28. Qg3 Ne6 29. Nxe6 Qxe6 30. Bg5 c5 31. Bf6 Kh7 32. Qc3 Qc6 33. R8a7 Reb8 34.
R3a6 Qc7 35. Rxb7 Rxb7 36. Qa3 Kg8 37. Ra8+ Rb8 38. Qa6 d4 39. Ra7 Qc8 40. Qd6
Qf8 41. Be7 Rb1+ 42. Kh2 Qb8 43. Rc7 Rb6 44. Qxc5 Be6 45. Bd6 Rb5 46. Qxd4 Qa8
47. Re7 Qd5 48. Qa7 1-0